Aasian maantiedettä - Statistics

Yleistilastot
  • Tätä visaa on pelattu 30 kertaa
  • Keskiarvotulos 11 / 20
Vastaustilastot
Vihje Vastaus % Oikein
8 848 Mount Everest
100%
5 464 Keltainenjoki
96%
8 611 K2
92%
443 066 Sumatra
92%
6 300 Jangtse
88%
748 168 Borneo
84%
225 800 Honshū
84%
31 500 Baikaljärvi
80%
371 000 Kaspianmeri
80%
785 753 Uusi-Guinea
72%
4 350 Mekong
68%
180 681 Sulawesi
68%
4 294 Lena
64%
4 248 Irtyš
20%
8 586 Kanchenjunga
16%
17 000 Balkašjärvi
12%
6 236 Issyk Kul
12%
8 516 Lhotse
4%
8 485 Makalu
4%
6 990 Taimyrjärvi
0%
Ehtoja vastaavia visoja ei löytynyt
Tulosjakauma
Jokaisen tuloksen saaneiden osuus
Persentiili vastausten määrän mukaan
Tuloshistoriasi
Et ole pelannut tätä visaa